Ako vzniklo písmo [2] : Počiatky písma u austrálskych domorodcov

Bibliographic Details
Main Author: Krupa, Viktor, 1936-2021 (Author)
Format: Article
Language:Slovak

MARC

LEADER 00000nab a2200000 a 4500
001 vtls011103504
003 SK-MaSNL
005 20260303150145.0
008 230222|1971 xo |||||||||||||||||slo|
015 |a SNBRB 
035 |a (uuid)b08cab0c-7bdf-4bb7-a3c2-d47687df638a 
035 |a (urnnbn)urn:nbn:sk:snk:ar-a0843p 
035 |a urn:nbn:sk:snk-ab9a0a 
040 |a SNKBUCL  |b slo  |c SNKBUCL  |e AACR2 
041 0 |a slo 
044 |a xo  |c SK 
100 1 |a Krupa, Viktor,  |d 1936-2021  |4 aut  |9 5206 
245 1 0 |a Ako vzniklo písmo [2] :  |b Počiatky písma u austrálskych domorodcov  |c Viktor Krupa 
773 0 |t Svet vedy : populárnovedecký mesačník SAV a Čs. spoločnosti pre šírenie politických a vedeckých poznatkov  |g Roč. 18, č. 3 (1971), s. 151-153 
954 |a odborná, vedecká literatúra pôvodná (slovenská)  |2 lita 
958 |a OND 
958 |a EUIPO 
958 |a article13 
999 |c 2008321  |d 2010251